characters of 90210 - Statistics

General Stats
  • This quiz has been taken 290 times
  • The average score is 11 of 15
Answer Stats
Hint Answer % Correct
Lives with her parents, Harry and Debby, and kills her boyfriend's uncle Annie Wilson
99%
Adoptive brother of ^ Dixon Wilson
96%
Bipolar and in love with Dixon Wilson Erin Silver
96%
Runs the Blaze and his dad makes porn for a living til' he got arrested Navid Shirazi
85%
ex- boyfriend of Naomi and dates Annie Ethan Ward
82%
loved Silver and turned out to be gay and married to shane Teddy Montgomery
82%
takes drugs and had an overdose Adrianna Tate-Duncan
81%
Married Raj, Cancer patient, and had a fling with ^ Ivy Sullivan
73%
English literature teacher Ryan Matthews
65%
works as a fashion photographer, mother of annie and dixon Debbie Wilson
63%
principal of west beverly high, husband of ^ Harry Wilson
61%
snobbish and shallow, begins as Ethan's girlfriend Naomi Clark
58%
fiance of Annie and used to date Naomi Liam Court
50%
Raped Naomi and kept her and Silver hostage in her own house Mark Cannon
41%
Grandmother of Annie and Dixon Wilson Tabitha Wilson
35%
No matching quizzes found
Score Distribution
Percent of People with Each Score
Percentile by Number Answered
Your Score History
You have not taken this quiz